000 00563aaa a2200181 4500
001 768714001
003 CO-MdFUSB
005 20260306181231.0
008 170519s cr ||||| |||| 00| 0 spa d
022 _a1409-1968
040 _aCO-MdFUSB
_bspa
_cCO-MdFUSB
_dCO-MdFUSB
041 _aspa
100 1 _aHermano Pablo
_eautor
245 1 0 _aCarta a Timoteo :
_bno necesitamos luces verdes
_c/ Hermano Pablo
773 0 _tApuntes Pastorales
_049442
_983983
_gVolumen 16, número 1. (oct. - dic., 1998), páginas 26-28
_qPágina 26
942 _cANA
945 _aJTF-925
999 _c59052
_d59052